[Event "Athens Acropolis"]
[Site "Athens"]
[Date "2003.08.27"]
[Round "3"]
[White "Mastrovasilis, Dimitrios"]
[Black "Johannessen, Leif Erlend"]
[Result "0-1"]
[WhiteElo "2493"]
[BlackElo "2525"]
[Annotator "Rogozenco,D"]
[PlyCount "98"]
[EventDate "2003.08.25"]
[EventType "tourn"]
[EventRounds "9"]
[EventCountry "GRE"]
[EventCategory "12"]
[SourceTitle "CBM 097"]
[Source "ChessBase"]
[SourceDate "2003.11.11"]
[SourceVersion "1"]
[SourceVersionDate "2003.11.11"]
[SourceQuality "1"]

1. e4 c5 2. Nf3 Nc6 3. d4 cxd4 4. Nxd4 Nf6 5. Nc3 e5 6. Ndb5 d6 7. Bg5 a6 8.
Na3 b5 9. Bxf6 gxf6 10. Nd5 f5 11. Bd3 Be6 12. Qh5 Rg8 13. g3 Nd4 {These days
13...Nd4 seems to be Black's most promising continuation.} 14. c3 fxe4 15. Bxe4
Bg4 16. Qxh7 Rg7 17. Qh6 Nf3+ 18. Ke2 (18. Kf1 Rg5 19. Nf6+ Ke7 {is okay for
Black}) 18... Ng5+ 19. f3 Nxe4 20. fxg4 Qc8 21. Qe3 Qxg4+ 22. Qf3 Qxf3+ 23.
Kxf3 f5 24. Nc2 {For more information on this variation see Kulaots-Smirnov,
CBM96.} Kf7 25. a4 {A novelty without the desired effect. The common 25.Nce3
at least prevents the natural 25...Ke6.} (25. Nce3 Nf6 (25... Ke6 $2 26. Nxf5
$1 Ng5+ 27. Kg4 Rf7 28. Rhf1 Ne4 29. Rad1 $16 {1-0 Beliavsky,A-Shirov,A/
Groningen 1993 (51)}) 26. Nxf6 Kxf6 27. a4 Rb7 28. b4 Ke6 $11 {0-1 Kulaots,
K-Smirnov,P/Istanbul 2003 (89)}) 25... Ke6 26. Nce3 Rb8 $1 {The endgame is
more complicated for White than it may appear. The problem for White is that
he cannot achieve anything concrete on the wings and can easily lose control
in the center.} 27. Nb4 (27. Nxf5 {Here this is not very dangerous for Black,
although still it might have been the best decision for White:} Nd2+ ({or} 
27... Kxf5 28. Ne3+ Ke6 29. Kxe4 bxa4 30. Rxa4 Rxb2 31. Rxa6 Rc7 32. c4 Rd2
$132 {[%cal Gf8h6]}) 28. Ke2 Kxf5 29. Kxd2 bxa4 30. Kc2 Ke6 31. c4 Rf7 $13) (
27. axb5 Rxb5 28. Nxf5 Nd2+ 29. Ke2 Kxf5 30. Ne3+ Ke6 31. Kxd2 Rxb2+ 32. Kd3
Ra7 $15) 27... Nc5 28. a5 Rf7 $15 {/-/+} 29. Ned5 Bh6 {As a result of White's
strategy, the queenside is closed and Black remained with all his pawn in the
center. White is trying to hold the blockade on d5, but Black can advance
other two pawns, which will increase his advantage.} 30. Rhe1 Rg8 31. Rad1 f4
32. g4 Bg5 $17 {[%cal Gg8h8,Gf7h7]} ({A big positional mistake would be} 32...
e4+ $4 33. Rxe4+ Nxe4 34. Re1 $1 $44 (34. Kxe4 $2 f3 $19)) 33. Nc6 Rh8 34. b4
$1 {White is forced to enter complications, even if they would eventually
favour Black.} (34. Re2 Rh3+ 35. Kg2 f3+ 36. Kxh3 fxe2 37. Re1 Kxd5 $19) (34.
Rd2 Rh3+ 35. Kg2 Rd3 $19) 34... Na4 35. Nd4+ Kxd5 36. Nf5+ ({More chances to
escape would have been after} 36. Nxb5+ Kc6 37. Rxd6+ Kxb5 38. Rxe5+ Kc4 39.
Rxg5 (39. Rc6+ Kb3 40. Rxg5 Rh3+ 41. Kg2 f3+ 42. Kxh3 f2 $19) 39... Rh3+ (39...
Nxc3 40. Rf5 {[%csl Ra6,Rf4]}) 40. Kg2 Rxc3 41. Rf5 $1 {For instance:} Rxf5 42.
gxf5 Kxb4 43. f6 Kxa5 44. Rd5+ $1 Kb4 (44... Kb6 45. Rd6+ Kb5 46. Rd5+) 45.
Rd4+ Kb3 46. Rxf4 Rc8 47. f7 Rf8 48. h4 $11) 36... Kc6 37. Rxd6+ Kb7 38. Rg6
Rfh7 39. h4 $2 (39. Rxg5 Rh3+ (39... Rxh2 $4 40. Rg7+ Ka8 41. Rxe5 $18) 40. Kf2
(40. Ng3) 40... Rxh2+ 41. Kf3 R2h3+ 42. Kg2 (42. Kf2 Nb2 $1 43. Rg7+ Kb8 $19)
42... Nxc3 43. Rh5 $1 R3xh5 44. gxh5 Rxh5 (44... e4 45. Nd6+ Kc6 46. Nxe4 $11)
45. Rxe5 Rh7 46. Kf3 {and White should escape.}) 39... Bxh4 40. Rxe5 Bd8 41.
Nd6+ Ka8 42. Ne8 {A nice idea to create some threats against Black's king by
attacking pawn a6, but it doesn't work concretely.} Rh3+ $1 43. Kxf4 (43. Kf2
Bh4+ 44. Kg2 Rxc3 45. Rxa6+ Kb7 $19 {[%cal Gf4f3]}) 43... Rf8+ 44. Ke4 Nxc3+
45. Kd4 Rf4+ 46. Kc5 Rc4+ 47. Kd6 Rd3+ 48. Ke6 Rc6+ 49. Kf7 (49. Kf5 Rf3#)
49... Rd7+ 0-1

[Event "Bundesliga 0102"]
[Site "Germany"]
[Date "2001.11.24"]
[Round "3.1"]
[White "Lutz, Christopher"]
[Black "Lautier, Joel"]
[Result "1/2-1/2"]
[WhiteElo "2643"]
[BlackElo "2675"]
[Annotator "Rogozenco,D"]
[PlyCount "47"]
[EventDate "2001.10.06"]
[EventType "team-tourn"]
[EventRounds "15"]
[EventCountry "GER"]
[SourceTitle "CBM 087"]
[Source "ChessBase"]
[SourceDate "2002.03.21"]
[SourceVersion "1"]
[SourceVersionDate "2002.03.21"]
[SourceQuality "1"]
[WhiteTeam "Porz"]
[BlackTeam "Solingen"]
[WhiteTeamCountry "GER"]
[BlackTeamCountry "GER"]

1. e4 c5 2. Nf3 Nc6 3. d4 cxd4 4. Nxd4 Nf6 5. Nc3 e5 6. Ndb5 d6 7. Bg5 a6 8.
Na3 b5 9. Bxf6 gxf6 10. Nd5 Bg7 11. Bd3 Ne7 12. Nxe7 Qxe7 13. O-O O-O 14. c3 f5
15. Nc2 {One of the main lines in 10. ... Bg7 variation.} Rb8 16. exf5 e4 17.
Re1 Bxf5 18. Nb4 Rbe8 $5 $146 {[%mdl 8] An interesting novelty in a higly
important theoretical position. Black abandons his queenside and goes for a
direct attack against white king.} (18... a5 19. Nd5 (19. Nc6 $2 Qb7 20. Nxb8
exd3 $19) 19... Qe5 20. Bc2 Bg6 21. f4 Qe6 $14 {/=, 1/2-1/2 Bologan,V-Nedev,T/
Panormo 2001 (35)}) (18... Qb7 {This move is considered obligatory by many
players, but I doubt its value.} 19. Bc2 a5 20. Nd5 Rfe8 21. Qd2 Bg6 22. Rad1
b4 23. cxb4 axb4 24. Bb3 Rec8 25. h4 Kh8 26. Qg5 Rc5 27. h5 h6 28. Qg4 Bh7 29.
Qf4 Rd8 30. Rd2 $16 {1-0 Motylev,A-Yagupov,I/St Petersburg 2000 (41)}) 19. Bf1
{The evaluation of the present position in Chess Informant 70 is +/-. Lautier
must have had his own opinion about it.} Qg5 20. Nc6 (20. Qxd6 {Looks
dangerous, but if White doesn't take material, then he accepts that the
novelty 18. ... Rbe8 leads to a fine game for Black.} Re6 ({After} 20... Be5 {
White might even consider to take the pawn:} 21. Qxa6 (21. Qc5) 21... Re6 22.
Qb7 Bxh2+ 23. Kxh2 Qh4+ 24. Kg1 Rh6 25. f3 Qh2+ (25... exf3 26. Qxf3 $18) 26.
Kf2 Qh4+ 27. g3 Qh2+ 28. Bg2 Rg6 29. g4 Bxg4 30. fxg4 Rf6+ 31. Ke3 Qxg2 $40)
21. Qc5 Be5 (21... Rh6 $5) 22. Nd5 $13 {This position must be tested in the
practice. Black has very active pieces, but a direct attempt to attck fails:} (
22. Nxa6 $2 Bxh2+ 23. Kxh2 Qh4+ 24. Kg1 Rh6 25. f3 exf3 $19) (22. g3 $5) 22...
Bg4 (22... Bxh2+ 23. Kxh2 Qh4+ 24. Kg1 Rh6 25. Ne7+ Kh8 26. Ng6+ hxg6 27. Qxf8+
Kh7 28. Qxf7+ Kh8 29. f3 $18) 23. g3 Bf3 24. Bg2 {and White defends.}) ({
Another principled move is} 20. Nxa6 Re6 $44 (20... Be5 21. g3)) 20... Re6 21.
Qc1 (21. a4 Bg4 22. Qc1 Qh5 $40 23. h3 $6 Bxh3 24. gxh3 d5 $1 (24... Rg6+ 25.
Bg2 {[%cal Gc6e7]}) 25. axb5 axb5 $44 26. Nd4 $140 Rg6+ $19) 21... Qh5 (21...
Qh4 $5) 22. Qd1 Qg5 23. Qc1 Qh5 24. Qd1 1/2-1/2

[Event "Sanjin Hotel Cup 2nd"]
[Site "Tiayuan"]
[Date "2005.07.13"]
[Round "5"]
[White "Karjakin, Sergey"]
[Black "Wang, Yue"]
[Result "1/2-1/2"]
[WhiteElo "2645"]
[BlackElo "2576"]
[Annotator "Rogozenco,D"]
[PlyCount "120"]
[EventDate "2005.07.09"]
[EventType "tourn"]
[EventRounds "11"]
[EventCountry "CHN"]
[EventCategory "15"]
[SourceTitle "CBM 108"]
[Source "ChessBase"]
[SourceDate "2005.09.26"]
[SourceVersion "1"]
[SourceVersionDate "2005.09.26"]
[SourceQuality "1"]

1. e4 c5 2. Nf3 Nc6 3. d4 cxd4 4. Nxd4 Nf6 5. Nc3 e5 6. Ndb5 d6 7. Bg5 a6 8.
Na3 b5 9. Bxf6 gxf6 10. Nd5 f5 11. Bd3 Be6 12. O-O Bxd5 13. exd5 Ne7 14. c3 Bg7
15. Re1 O-O 16. Qh5 e4 17. Bf1 Re8 18. Rad1 Qc8 19. Nc2 (19. g3 Qc5 ({White is
better after} 19... Ng6 20. Bh3 Re5 21. Nc2) 20. Nc2 Nxd5 $11) 19... Ng6 (19...
Qc5 20. Nd4 $16) 20. Nb4 {White goes with the knight to c6 without allowing
Black to trade his bishop for it (like in case of 20.Nd4). This move was
played for the first time by Bologan versus Kramnik in 2003.} (20. g3 f4 $1 {
Right in time to avoid the pin of the f-pawn} (20... Re5 $6 21. Bh3) 21. Nd4
Re5 22. Qh3 Qxh3 23. Bxh3 Rh5 24. Bg2 f5 $13) (20. Nd4 Bxd4 21. Rxd4 ({
Gagunashvili's} 21. cxd4 {still requires practical tests, although I think
that the doubled pawns should offer Black sufficient counterplay in the
upcoming complications after either} Kh8 ({or} 21... f4 22. Rc1 Qd8 {[%cal
Gd8f6,Gd8a5]}) 22. g3 f4) 21... Re5 22. Qh6 {And here Black has few
possibilities to keep the position balanced:} Qe8 ({or} 22... Qf8) ({Deserves
attention also} 22... Rb8 $5 {1/2-1/2 Vuckovic,B (2529)-Pavlovic,M (2475)/
Kopaonik 2005 (44)})) (20. Qh3 Re5 21. Nb4 Qc5 22. Qe3 Ne7 23. g3 Qxe3 24. fxe3
a5 25. Nc6 Nxc6 26. dxc6 Rc8 27. Rxd6 Bf8 28. Rd7 Rxc6 29. Red1 b4 30. c4 Bc5
31. Kf2 Kg7 32. b3 Rce6 33. R1d5 Kf6 34. Rc7 Bb6 35. Rb7 Bc5 36. Rb5 Rc6 37.
Rxa5 Rxd5 38. cxd5 Rc7 39. Bc4 Ke5 40. Ke2 Kd6 41. Ra6+ Ke5 42. Rc6 Bd6 43. Kd1
Ra7 44. Ra6 Rxa6 45. Bxa6 Bc5 46. Kd2 Kxd5 47. Bc4+ Ke5 48. Bxf7 Bd6 49. Bg8 h6
50. Bh7 Bc5 51. Bg8 {1/2-1/2 Efimenko,Z (2620)-Smirnov,P (2624)/Sochi RUS 2005/
D-The Week in Chess 546}) 20... h6 $6 $146 ({Black has at his disposal a good
way to simplify the position:} 20... a5 $5 21. Nc6 b4 22. cxb4 axb4 23. Nxb4
Qc5 24. Na6 (24. a3 $6 Bxb2) (24. Nc6 Rxa2 25. Qxf5 Rxb2 $11) 24... Qb6 25.
Qxf5 Rxa6 26. Bxa6 Qxa6 27. Rxe4 Rxe4 28. Qxe4 Bxb2 29. a4 Kg7 30. Rb1 Bf6 31.
g3 Ne5 32. Kg2 Qa5 33. Rb4 h5 34. Rb3 Qd2 35. Re3 Qa2 36. Re2 Qa1 37. Re1 {
1/2-1/2 Delchev,A (2597)-Spasov,V (2543)/La Roda 2005}) (20... Ne5 21. h3 (21.
Nc6 Nxc6 22. dxc6 Qxc6 23. Qxf5 Re5 24. Qf4 d5 $11 {Kulaots-Van Wely, Liepaya 
(rapid) 2004}) 21... Rb8 (21... Qd7 $142 {Bologan}) 22. Nc2 Ng6 23. Nb4 Ne5 24.
Nc2 (24. a4 $1 $14 {Bologan}) 24... Ng6 25. Nb4 {1/2-1/2 Bologan,V (2650)
-Kramnik,V (2785)/Dortmund 2003/CBM 097}) (20... f4 21. Nc6 f5 22. g3 fxg3 (
22... Ne7 $2 23. Bh3 {with large advantage}) 23. hxg3 f4 24. gxf4 (24. Bh3 $16)
24... Nxf4 25. Qg5 Nh3+ 26. Bxh3 Qxh3 27. Re3 Qd7 28. Rde1 Kh8 29. Kf1 Rg8 30.
Qh5 (30. Qe7 $142 Qf5 31. Qxe4 Qh5 32. Qe6) 30... Raf8 $44 {0-1 Hodgson,J 
(2225)-Tippleston,C (2203)/Douglas 2005 (44)}) 21. g3 $14 Ne5 22. Bg2 Ra7 (
22... a5 23. Nc6 Nxc6 24. dxc6 Qe6 25. Bh3 $16) 23. Nc6 Nxc6 24. dxc6 Qxc6 ({
With the rook on a7 (controlling the important 7th rank) Black could consider} 
24... Qe6 {[%cal Gd6d5] keeping some counterplay possibilities.} 25. Re2 (25.
Bh3 Qxa2)) 25. Qxf5 Rae7 (25... Re5 26. Bxe4 $16) 26. Qd5 Qxd5 27. Rxd5 $16 {
A long fight for the draw is expecting Black. His pawns are weak and therefore
he must find a way to play with a pawn down and create some activity in order
to save the game.} b4 {The correct decision, although the position remains
difficult anyway.} (27... e3 $6 28. Rxe3 Rxe3 29. fxe3 Rxe3 30. Kf2 (30. Rxd6
Re2 $132) 30... Re6 31. Bh3 Rf6+ 32. Ke2 $16 {[%cal Gh3c8] /+-}) (27... Re6 28.
Bh3 Rf6 29. Bf5 $16) 28. cxb4 Bxb2 (28... Rb7 29. a3 Bxb2 30. Ra5 $16) 29. Rb1
Bc3 30. Bf1 Rb8 31. a3 Rb6 32. Ra5 e3 $1 ({Alternative was passive play:} 32...
Ra7 33. Kg2 (33. Bg2 Re7) (33. Bc4 Kg7 34. Bd5 f5 35. Be6 f4 36. gxf4 Kf6)
33... Kg7 $16) 33. fxe3 Rxe3 34. Kg2 Bd4 35. Rd1 (35. Bxa6 $16) 35... Bb2 36.
Rd3 Rxd3 37. Bxd3 Rc6 $1 {In spite of apparent desperate situation, the
opposite-coloured bishops and square h8 ("wrong" square for White) give Black
good chances to escape.} 38. Bxa6 Rc3 39. a4 Rc2+ 40. Kf3 Bc3 41. Rb5 Ra2 42.
a5 Ra4 43. Rb8+ Kg7 44. Bc4 {White has several attractive options, but there
is no clear win.} ({Black also seems to escape after} 44. Bb5 Rxb4 45. a6 Bd4
46. Rb7 Kf6 47. Ke4 Bc5+ 48. Kd5 Rb2 49. h4 ({or} 49. Be8 Rxh2 50. Rxf7+ Kg5)
49... Rd2+ 50. Kc6 Rg2 51. Bc4 Rxg3 52. Rxf7+ Ke5) (44. b5 $5 $16) 44... Rxb4 (
44... Bxb4 $2 45. Bb3 $18) 45. Rxb4 Bxb4 46. a6 Bc5 47. Ke4 Kf6 48. h4 ({
Square h8-rule saves Black also after} 48. Kd5 Kg5 49. Be2 (49. Kc6 Kg4 50.
Bxf7 Kh3 51. Kb7 Kxh2 52. g4 Kg3 53. Bh5 Kf4 54. a7 Bxa7 55. Kxa7 d5 $11) 49...
Kf5 (49... h5 50. h4+ $18) (49... f5 50. Ke6 $1 Kg6 (50... f4 51. h4+ $18) 51.
Bd3 Kg5 52. Bxf5 h5 53. h4+ Kh6 54. Kd5 $18) 50. h4 (50. Kc6 Ke4 51. Kb7 Ke3
52. Bc4 f6 53. a7 Bxa7 54. Kxa7 Kf2 $11) 50... f6 (50... Bg1 51. Kxd6 Ke4 52.
Kc7 f5 53. Kd6 $1 (53. Kb7 Bd4 54. a7 Bxa7 55. Kxa7 Ke3 56. Bd1 Kf2 $11) 53...
Bd4 54. Ke6 Ba7 55. Kf6 Be3 56. Kg6 Ke5 57. Bd3 $18) 51. Bf3 Bf2 $1 52. Bd1 Bc5
53. Bf3 Bf2 54. Kc6 Ke5 55. Kb7 f5 56. a7 Bxa7 57. Kxa7 Kd4 $11) 48... Ke7 49.
g4 Bf2 50. Bb3 Bc5 51. Kd5 (51. Ba4 Ke6 52. Bc6 Bg1 53. Bd5+ Ke7 54. Kd3 Bc5
55. Kc4 f6 56. Kd3 Kd7 57. Ke4 Kc7 58. Kf5 Kb6 59. Bb7 Bf2 $11) 51... Kd7 52.
Ke4 Ke7 53. Bd5 Kf6 54. Kd3 Kg6 55. Ke4 (55. Kc4 f5 $11) (55. Be4+ Kf6 56. Kc4
Ke5 57. g5 (57. Bf5 h5 $11) (57. Bf3 f5 58. g5 hxg5 59. hxg5 f4 60. Bg4 (60.
Bh5 f3 61. Kd3 f2 62. Ke2 Kf5 63. g6 Kf6 $11) 60... f3 $11) 57... hxg5 58. h5
Kf6 59. h6 g4 $11) 55... Kf6 56. Bb7 Ke6 57. Bc8+ Ke7 58. g5 hxg5 59. hxg5 Kd8
60. Bg4 Kc7 1/2-1/2

[Event "Scandic Hotels CC"]
[Site "Stockholm"]
[Date "2000.07.30"]
[Round "2"]
[White "Wedberg, Tom Birger"]
[Black "Bator, Robert"]
[Result "1-0"]
[WhiteElo "2473"]
[BlackElo "2430"]
[Annotator "Rogozenco,D"]
[PlyCount "53"]
[EventDate "2000.07.29"]
[EventType "tourn"]
[EventRounds "9"]
[EventCountry "SWE"]
[EventCategory "10"]
[SourceTitle "CBM 079"]
[Source "ChessBase"]
[SourceDate "2000.11.21"]
[SourceVersion "1"]
[SourceVersionDate "2000.11.21"]
[SourceQuality "1"]

1. e4 c5 2. Nf3 Nc6 3. d4 cxd4 4. Nxd4 Nf6 5. Nc3 e5 6. Ndb5 d6 7. Bg5 a6 8.
Na3 b5 9. Bxf6 gxf6 10. Nd5 f5 11. Bd3 Be6 12. O-O Bxd5 13. exd5 Ne7 14. c3 Rg8
{In my opinion this move is better to make when white Queen is placed on h5.
In that case Black has additional possibilities to win time later, for
instance with Rg6-h6 or Ng6-f4. And also now that short castle is no longer
possible for Black, the plan with a2-a4 is very unpleasant, because there is
no connection between black Rooks and the King is stucked in the center.} (
14... Bg7) (14... Qd7) 15. Re1 {Logical move. The Bishop goes to f1, defending
the King and supporting a2-a4.} (15. Nxb5 Nxd5 16. Qf3 (16. Qa4 $1) 16... e4
17. Qxf5 exd3 18. Qxd5 axb5 19. Qxb5+ Qd7 20. Qxd3 $14 {1/2-1/2 Gruenfeld,
Y-Birnboim,N/Rishon Le Ziyon 1992 (37)}) 15... e4 16. Bf1 Bg7 17. Nc2 Be5 18.
a4 Ng6 (18... bxa4 $142 $14) 19. axb5 $16 Nh4 20. Re3 axb5 (20... Nf3+ 21. Rxf3
exf3 22. Qxf3 $16) 21. Rxa8 Qxa8 22. g3 (22. Rh3 $16) (22. Bxb5+ Ke7 23. g3)
22... Qa4 23. Kh1 f4 (23... Nf3 24. Qe2 Ke7 25. Bg2 $16) 24. gxf4 Nf3 25. Bg2
Bxf4 26. b3 $1 (26. Bxf3 $2 Bxe3) 26... Rxg2 (26... Qxb3 27. Rxe4+ Be5 28. Bxf3
$18) 27. Kxg2 1-0

[Event "Dortmund SuperGM 33rd"]
[Site "Dortmund"]
[Date "2005.07.08"]
[Round "1"]
[White "Naiditsch, Arkadij"]
[Black "Sutovsky, Emil"]
[Result "1-0"]
[WhiteElo "2612"]
[BlackElo "2674"]
[Annotator "Rogozenco,D"]
[PlyCount "55"]
[EventDate "2005.07.07"]
[EventType "tourn"]
[EventRounds "9"]
[EventCountry "GER"]
[EventCategory "19"]
[SourceTitle "CBM 108"]
[Source "ChessBase"]
[SourceDate "2005.09.26"]
[SourceVersion "1"]
[SourceVersionDate "2005.09.26"]
[SourceQuality "1"]

1. e4 c5 2. Nf3 Nc6 3. d4 cxd4 4. Nxd4 Nf6 5. Nc3 e5 6. Ndb5 d6 7. Bg5 a6 8.
Na3 b5 9. Nd5 Be7 10. Nxe7 Nxe7 11. Bd3 (11. Bxf6 gxf6 12. c4 {has been more
popular lately}) 11... Bb7 12. Bxf6 gxf6 13. Qh5 {A very rare move, played
only once before.} (13. Qe2 d5 {is about equal.}) 13... d5 ({The alternative is
} 13... Ng6) 14. O-O-O $5 {One should pay credit to the German GM, who found a
new idea. However, in spite of White's quick win, this set-up will hardly find
many followers, since Black has sufficient resources to achieve good play.} ({
The present position was reached in the following game after a slightly
different move order. White quickly went down:} 14. c3 $2 dxe4 15. Bc2 Ng6 16.
Rd1 Qe7 $17 {0-1 De la Fuente Mayan,A-Garcia Melgar,J (2310)/Nigran 1993 (36)})
14... d4 ({More natural is} 14... Qb6 15. exd5 Bxd5 $1 {[%csl Ra3] but
Sutovsky's plan is interesting too. He closes the center and considers that
Black's queenside attack is quick enough.} (15... Nxd5 16. Be4 Nf4 17. Qf3 $14)
) (14... b4 $2 15. Nc4 $1 dxc4 $140 16. Bxc4 $18) 15. Nb1 Qa5 $1 {[%csl Ra2]}
16. a3 (16. Qh6 Ng6 (16... Qxa2 17. Qxf6 Ng6 $13)) 16... b4 17. Qh6 Ng6 18. g3
{Maybe this is the right moment to search for improvements for White.} (18. h4
$5) 18... Rb8 (18... Rc8 19. axb4 (19. f4 b3 $132) 19... Qxb4 20. f4 Qf8 $5 21.
Qh3 ({Black has little to fear in endgame:} 21. Qxf8+ Kxf8 22. Rhf1 (22. Rdf1
exf4 23. gxf4 f5 $1 24. Nd2 Re8 $17) 22... h5 $5 $11) 21... exf4 $13) (18... b3
$5 $13) 19. f4 b3 $2 {The wrong follow-up. If Black wanted to play this
advance he would have better done so on the previous move. Now he had to open
the b-file instead of closing it.} (19... bxa3 20. Nxa3 Qb4 {was correct.
Black's chances are by no means worse:} 21. Rhe1 (21. fxe5 Bxe4 22. Bxe4 Qxb2+
23. Kd2 Qxa3 24. exf6 (24. Bc6+ Kd8 {is bad for White}) 24... Qa5+ 25. Ke2 Rb6
$36) (21. Nc4 Bxe4 22. Bxe4 Qxc4 23. f5 (23. Qg7 Qa2 $40) 23... Ke7 $1 $36 {
[%cal Gh8c8]} (23... Rxb2 24. Kxb2 Qb4+ 25. Kc1 Qa3+ 26. Kd2 Nf4 $1 $11)) 21...
Bc8 $5 (21... Bxe4 22. Bb5+ $1 Rxb5 (22... axb5 23. Rxe4 f5 24. Ree1 $13 {
[%csl Re8]}) 23. Nxb5 Bf3 24. fxe5 (24. Nc7+ Kd7 {[%cal Gh8b8]} 25. Nxa6 Qa5
$17) 24... Bxd1 25. Nd6+ Ke7 $13 {is a total mess.}) 22. Nc4 Be6 23. b3 Qc3 24.
f5 Bxc4 25. Bxc4 d3 (25... Nf4 26. gxf4 Qa1+ 27. Kd2 Qc3+ $11) 26. Rxd3 $1 (26.
Bxd3 Rxb3 27. fxg6 Ra3 $19) 26... Qxe1+ 27. Rd1 Qc3 ({Bad is} 27... Qxe4 28.
Qg7 Rf8 29. Qxf6 {[%csl Re8]}) 28. Qg7 Qa1+ 29. Kd2 Qd4+ 30. Kc1 Qa1+ $11) 20.
c4 dxc3 21. Nxc3 Rc8 22. f5 {Now after the loss of important tempo it turns
out that White is quicker to create threats.} Ne7 $2 ({Black had to start with
} 22... Rxc3+ 23. bxc3 (23. Kb1 $2 Rxd3 24. Rxd3 Bxe4 $19) 23... Qxa3+ (23...
Qxc3+ $2 24. Kb1 Ne7 25. Qxf6 O-O 26. Qxe7 $18) 24. Kd2 {and only now} Ne7 {
However, White is better after} 25. Ke2 ({or} 25. Qxf6 O-O 26. Rb1)) 23. Qxf6
Rxc3+ 24. Kb1 $1 $18 (24. bxc3 Qxa3+ 25. Kd2 O-O $16) 24... Rg8 (24... O-O 25.
Qg5+ Kh8 26. Qxe7 Rcc8 27. Qxb7 $18) 25. bxc3 Qxa3 26. Qb6 Qa2+ 27. Kc1 Kf8 28.
f6 1-0